Maľovaná abeceda pracovné listy pre špeciálne základné školy

Bibliographic Details
Main Authors: Škultétyová, Silvia (Author), Rohovská, Jana (Author), Žišková, Jarmila (Author), Matúšová, Darina (Author)
Other Authors: Ondreičková, Daniela, 1951- (Illustrator)
Format: Book
Language:Slovak
PhysicalDescription:58 l. fareb. ilustr. 30 cm
Published: Bratislava Slovenské pedagogické nakladateľstvo 2009
ISBN:9788010016068 (brož.)
Edition:9. vyd.
Subjects:

MARC

LEADER 00000nam a2200000 a 4500
001 vtls009530730
003 SK-MaSNL
005 20260302010155.0
008 160114s2009 xo a c p 000 0 slo
015 |a SNBA2009/07-03843 
020 |a 9788010016068 (brož.) 
035 |a 9516F8B7-8681-4E4B-9EB7-61CF715392F4 
035 |a urn:nbn:sk:snk-amk2wt 
035 |a urn:nbn:sk:snk-am0083mk 
040 |a SNK  |b slo  |c SNK  |e AACR2 
041 0 |a slo 
044 |a xo  |c SK 
072 7 |a 373.2/.3  |x Predškolská a primárna výchova a vzdelávanie  |2 konspekt 
072 7 |a 37.016  |x Učebné osnovy. Vyučovacie predmety. Učebnice  |2 konspekt 
080 |a 811.162.4  |2 2001 
080 |a 37.016:003-028.31  |2 2001 
080 |a (075.2)  |2 2001 
080 |a (076.1)  |2 2001 
080 |a 37.016:028-028.31  |2 2001 
245 0 0 |a Maľovaná abeceda  |b pracovné listy pre špeciálne základné školy  |c [autorky Silvia Škultétyová ... [et al.] ; ilustrácie Daniela Ondreičková] 
250 |a 9. vyd. 
260 |a Bratislava  |b Slovenské pedagogické nakladateľstvo  |c 2009 
300 |a 58 l.  |b fareb. ilustr.  |c 30 cm 
500 |a Názov z obalu 
500 |a Volné listy v prebale 
650 0 7 |a slovenčina  |2 SNKPH  |9 1350 
650 0 7 |a písanie  |2 SNKPH  |9 1728 
650 0 7 |a čítanie  |2 SNKPH  |9 1654 
655 7 |a učebnice špeciálnych základných škôl  |2 SNKPH  |9 70204 
655 7 |a pracovné zošity  |2 SNKPH  |9 70188 
700 1 |a Škultétyová, Silvia  |4 aut  |9 225292 
700 1 |a Ondreičková, Daniela,  |d 1951-  |4 ill  |9 193858 
700 1 |a Rohovská, Jana  |4 aut  |9 46569 
700 1 |a Žišková, Jarmila  |4 aut  |9 299426 
700 1 |a Matúšová, Darina  |4 aut  |9 45630 
919 |a 978-80-10-01606-8 
968 |a 37 
999 |c 1002213  |d 1004143 
952 |a SNK  |b SNK  |y PREZ  |7 0  |p 17A0624656  |o snkSB 77912  |i snk2009/11820  |8 0  |0 0  |1 0  |4 0  |d 2009-06-26  |f 1  |l 0  |r 2025-04-28 00:00:00  |w 2026-02-24 
952 |a SNK  |b SNK  |y VYP  |7 0  |p 17A0624655  |o snkSB 77912 D1  |i snk2009/11821  |8 0  |0 0  |1 0  |4 0  |d 2009-06-26  |l 0  |r 2016-06-30 00:00:00  |w 2026-02-24